000 00716nam a22001817a 4500
999 _c372117
_d372117
008 201222b ||||| |||| 00| 0 eng d
040 _bger
_cDE-2950
_erda
_aDE-2950
041 _ager
245 _aNeumärkischer Dialekt.
_bDialekte und Mundarten verschwinden immer mehr ..."Dä Lumpenmann kümmt"/ von Hans Hühnerfuß
264 _c2022
653 _aNeumarkt
653 _aDialekt / Mundart
773 _dFürstenwalde: Landsmannschaft Ostbrandenburg/ Neumark e.V.
_tOstbrandenburg-Neumark-Kurier: Informationsblatt der Landsmannschaft Ostbrandenburg/Neumark e.V.
_g36. Jahrgang (2022) Nr. 4, Dezember 2022, S. 10 - 11.
942 _cA